000053511 001__ 53511
000053511 005__ 20230317221355.0
000053511 0247_ $$2doi$$a10.1126/science.1225636
000053511 0247_ $$2ISSN$$a1095-9203
000053511 0247_ $$2ISSN$$a0036-8075
000053511 0247_ $$2altmetric$$aaltmetric:880571
000053511 0247_ $$2pmid$$a22878498
000053511 0247_ $$2WOS$$aWOS:000308414000032
000053511 037__ $$aGSI-2013-04498
000053511 041__ $$aEnglish
000053511 082__ $$a500
000053511 1001_ $$0P:(DE-HGF)0$$aRamirez, E. M.$$b0$$eCorresponding author
000053511 245__ $$aDirect Mapping of Nuclear Shell Effects in the Heaviest Elements
000053511 260__ $$aWashington, DC [u.a.]$$bAmerican Association for the Advancement of Science$$c2012
000053511 3367_ $$0PUB:(DE-HGF)16$$2PUB:(DE-HGF)$$aJournal Article$$bjournal$$mjournal$$s1372853654_17910
000053511 3367_ $$2DRIVER$$aarticle
000053511 3367_ $$2BibTeX$$aARTICLE
000053511 3367_ $$00$$2EndNote$$aJournal Article
000053511 536__ $$0G:(DE-HGF)POF2-533$$a533 - Exotic Nuclei and Nuclear Astrophysics (ENNA) (POF2-533)$$cPOF2-533$$fPOF II$$x0
000053511 536__ $$0G:(DE-Ds200)HGF-HIM$$aHIM - Helmholtz-Institut Mainz (HGF-HIM)$$cHGF-HIM$$x1
000053511 588__ $$aDataset connected to CrossRef, repository.gsi.de
000053511 7001_ $$0P:(DE-Ds200)OR0004$$aAckermann, D.$$b1$$ugsi
000053511 7001_ $$0P:(DE-HGF)0$$aBlaum, K.$$b2
000053511 7001_ $$0P:(DE-Ds200)OR0128$$aBlock, M.$$b3$$ugsi
000053511 7001_ $$0P:(DE-HGF)0$$aDroese, C.$$b4
000053511 7001_ $$0P:(DE-Ds200)OR0250$$aDullmann, C. E.$$b5$$ugsi
000053511 7001_ $$0P:(DE-Ds200)BUDP1-0060$$aDworschak, M.$$b6$$ugsi
000053511 7001_ $$0P:(DE-HGF)0$$aEibach, M.$$b7
000053511 7001_ $$0P:(DE-Ds200)BUDP1-0062$$aEliseev, S.$$b8$$ugsi
000053511 7001_ $$0P:(DE-HGF)0$$aHaettner, E.$$b9
000053511 7001_ $$0P:(DE-Ds200)OR0461$$aHerfurth, F.$$b10$$ugsi
000053511 7001_ $$0P:(DE-Ds200)OR0469$$aHessberger, F. P.$$b11$$ugsi
000053511 7001_ $$0P:(DE-Ds200)OR0487$$aHofmann, S.$$b12$$ugsi
000053511 7001_ $$0P:(DE-HGF)0$$aKetelaer, J.$$b13
000053511 7001_ $$0P:(DE-HGF)0$$aMarx, G.$$b14
000053511 7001_ $$0P:(DE-HGF)0$$aMazzocco, M.$$b15
000053511 7001_ $$0P:(DE-HGF)0$$aNesterenko, D.$$b16
000053511 7001_ $$0P:(DE-HGF)0$$aNovikov, Y. N.$$b17
000053511 7001_ $$0P:(DE-HGF)0$$aPlass, W. R.$$b18
000053511 7001_ $$0P:(DE-Ds200)OR2725$$aRodriguez, D.$$b19$$ugsi
000053511 7001_ $$0P:(DE-Ds200)OR1098$$aScheidenberger, C.$$b20$$ugsi
000053511 7001_ $$0P:(DE-HGF)0$$aSchweikhard, L.$$b21
000053511 7001_ $$0P:(DE-HGF)0$$aThirolf, P. G.$$b22
000053511 7001_ $$0P:(DE-HGF)0$$aWeber, C.$$b23
000053511 773__ $$0PERI:(DE-600)2066996-3$$a10.1126/science.1225636$$gVol. 337, no. 6099, p. 1207 - 1210$$n6099$$p1207 - 1210$$tScience$$v337$$x1095-9203$$y2012
000053511 909CO $$ooai:repository.gsi.de:53511$$pVDB
000053511 9101_ $$0I:(DE-Ds200)Ext-HIM$$6P:(DE-HGF)0$$aExternal Helmholtz Institute: HIM$$b0$$kHIM
000053511 9101_ $$0I:(DE-Ds200)20121206GSI$$6P:(DE-Ds200)OR0004$$aGSI Helmholtzzentrum für Schwerionenforschung GmbH$$b1$$kGSI
000053511 9101_ $$0I:(DE-Ds200)20121206GSI$$6P:(DE-Ds200)OR0128$$aGSI Helmholtzzentrum für Schwerionenforschung GmbH$$b3$$kGSI
000053511 9101_ $$0I:(DE-Ds200)20121206GSI$$6P:(DE-Ds200)OR0250$$aGSI Helmholtzzentrum für Schwerionenforschung GmbH$$b5$$kGSI
000053511 9101_ $$0I:(DE-Ds200)20121206GSI$$6P:(DE-Ds200)BUDP1-0060$$aGSI Helmholtzzentrum für Schwerionenforschung GmbH$$b6$$kGSI
000053511 9101_ $$0I:(DE-Ds200)20121206GSI$$6P:(DE-Ds200)BUDP1-0062$$aGSI Helmholtzzentrum für Schwerionenforschung GmbH$$b8$$kGSI
000053511 9101_ $$0I:(DE-Ds200)20121206GSI$$6P:(DE-Ds200)OR0461$$aGSI Helmholtzzentrum für Schwerionenforschung GmbH$$b10$$kGSI
000053511 9101_ $$0I:(DE-Ds200)20121206GSI$$6P:(DE-Ds200)OR0469$$aGSI Helmholtzzentrum für Schwerionenforschung GmbH$$b11$$kGSI
000053511 9101_ $$0I:(DE-Ds200)20121206GSI$$6P:(DE-Ds200)OR0487$$aGSI Helmholtzzentrum für Schwerionenforschung GmbH$$b12$$kGSI
000053511 9101_ $$0I:(DE-Ds200)20121206GSI$$6P:(DE-HGF)0$$aGSI Helmholtzzentrum für Schwerionenforschung GmbH$$b18$$kGSI
000053511 9101_ $$0I:(DE-Ds200)20121206GSI$$6P:(DE-Ds200)OR2725$$aGSI Helmholtzzentrum für Schwerionenforschung GmbH$$b19$$kGSI
000053511 9101_ $$0I:(DE-Ds200)20121206GSI$$6P:(DE-Ds200)OR1098$$aGSI Helmholtzzentrum für Schwerionenforschung GmbH$$b20$$kGSI
000053511 9131_ $$0G:(DE-HGF)POF2-533$$1G:(DE-HGF)POF2-530$$2G:(DE-HGF)POF2-500$$3G:(DE-HGF)POF2$$4G:(DE-HGF)POF$$aDE-HGF$$bStruktur der Materie$$lPhysik der Hadronen und Kerne$$vExotic Nuclei and Nuclear Astrophysics (ENNA)$$x0
000053511 9141_ $$y2012
000053511 915__ $$0StatID:(DE-HGF)0010$$2StatID$$aJCR/ISI refereed
000053511 915__ $$0StatID:(DE-HGF)0040$$2StatID$$aPeer review unknown
000053511 915__ $$0StatID:(DE-HGF)0100$$2StatID$$aJCR
000053511 915__ $$0StatID:(DE-HGF)0110$$2StatID$$aWoS$$bScience Citation Index
000053511 915__ $$0StatID:(DE-HGF)0111$$2StatID$$aWoS$$bScience Citation Index Expanded
000053511 915__ $$0StatID:(DE-HGF)0150$$2StatID$$aDBCoverage$$bWeb of Science Core Collection
000053511 915__ $$0StatID:(DE-HGF)0199$$2StatID$$aDBCoverage$$bThomson Reuters Master Journal List
000053511 915__ $$0StatID:(DE-HGF)0200$$2StatID$$aDBCoverage$$bSCOPUS
000053511 915__ $$0StatID:(DE-HGF)0300$$2StatID$$aDBCoverage$$bMedline
000053511 915__ $$0StatID:(DE-HGF)0310$$2StatID$$aDBCoverage$$bNCBI Molecular Biology Database
000053511 915__ $$0StatID:(DE-HGF)0420$$2StatID$$aNationallizenz
000053511 915__ $$0StatID:(DE-HGF)0430$$2StatID$$aNational-Konsortium
000053511 915__ $$0StatID:(DE-HGF)1030$$2StatID$$aDBCoverage$$bCurrent Contents - Life Sciences
000053511 915__ $$0StatID:(DE-HGF)1040$$2StatID$$aDBCoverage$$bZoological Record
000053511 915__ $$0StatID:(DE-HGF)1050$$2StatID$$aDBCoverage$$bBIOSIS Previews
000053511 915__ $$0StatID:(DE-HGF)1060$$2StatID$$aDBCoverage$$bCurrent Contents - Agriculture, Biology and Environmental Sciences
000053511 915__ $$0StatID:(DE-HGF)1150$$2StatID$$aDBCoverage$$bCurrent Contents - Physical, Chemical and Earth Sciences
000053511 920__ $$lyes
000053511 9201_ $$0I:(DE-Ds200)SHC-20090422OR109$$kSHC$$lSHE Chemie$$x0
000053511 9201_ $$0I:(DE-Ds200)FRS-20110310OR124$$kFRS$$lFRS / SFRS Experimente$$x1
000053511 9201_ $$0I:(DE-Ds200)SHP-20080822OR107$$kSHP$$lSHE Physik$$x2
000053511 9201_ $$0I:(DE-Ds200)ATP-20051214OR020$$kATP$$lAtomphysik$$x3
000053511 9201_ $$0I:(DE-Ds200)HIM-20110223OR116$$kHIM$$lHI Mainz$$x4
000053511 9201_ $$0I:(DE-Ds200)HST-20071029OR093$$kHST$$lHadronenstruktur$$x5
000053511 980__ $$ajournal
000053511 980__ $$aVDB
000053511 980__ $$aUNRESTRICTED
000053511 980__ $$aI:(DE-Ds200)20110830OR109
000053511 980__ $$aI:(DE-Ds200)SHC-20090422OR109
000053511 980__ $$aI:(DE-Ds200)20110831OR124
000053511 980__ $$aI:(DE-Ds200)FRS-20110310OR124
000053511 980__ $$aI:(DE-Ds200)20110830OR107
000053511 980__ $$aI:(DE-Ds200)SHP-20080822OR107
000053511 980__ $$aI:(DE-Ds200)20110830OR020
000053511 980__ $$aI:(DE-Ds200)ATP-20051214OR020
000053511 980__ $$aI:(DE-Ds200)20120319OR116
000053511 980__ $$aI:(DE-Ds200)HIM-20110223OR116
000053511 980__ $$aI:(DE-Ds200)20110830OR093
000053511 980__ $$aI:(DE-Ds200)HST-20071029OR093